A first course in the mathematical foundations of thermodynamics

Uloženo v:
Podrobná bibliografie
Hlavní autor: Owen, David R. (Autor)
Médium: Kniha
Jazyk:angličtina
Vydáno: Nueva York Springer-Verlag 1984
Edice:Undergraduate Texts in Mathematics
Témata:
Tagy: Přidat tag
Žádné tagy, Buďte první, kdo vytvoří štítek k tomuto záznamu!

MARC

LEADER 00000nam a2200000 a 4500
001 UCQ8543
003 CL-VaPUC
008 981210e19840000US |||||||||||||||||eng|d
082 0 4 |a 536.7015  |b OWE  |2 21 
100 |a Owen, David R.  |e author  |9 422554 
245 1 2 |a A first course in the mathematical foundations of thermodynamics 
300 |a 134 p 
942 |c BK 
945 |d 19981210 00:00:00  |a cmena 
260 |a Nueva York  |b Springer-Verlag  |c 1984 
650 0 |a Matemática aplicada   |9 260236 
650 0 |a Termodinámica   |9 259320 
650 0 |a Energía   |9 259431 
650 0 |a Entropía  |9 262675 
583 |a last modification  |c 19981210 00:00:00  |k Rodrigo Vera 
490 0 |a Undergraduate Texts in Mathematics 
999 |c 277767  |d 277765